000 00649nam a22001817a 4500
005 20250528112635.0
010 _aENG-144991
020 _a9789382400240
_c450.00
035 _aEN-128523
037 _bDBAD
082 _a384.55
100 _aMander, Jerry
_981410
245 _aFour Arguments For the Elimination of Television/
_bJerry Mander
260 _aIndore
_bBanyan Tree
_c2017
270 _bIndore
_e452003
_a1-B. Dhenu Market, 1st Floor
_k731-2531488, 9425904428, 8989461462
_mbanyantreebookstore@gmail.com; takali.india@gmail.com
300 _a337p.
_c22cm(pb)
_bIncluding illustrations.
942 _2ddc
_cEN
_h384.55
_mMAN
999 _c211425
_d211425